• 首页
  • 本馆介绍
  • 公告通知
  • 最新文献
  • 馆藏检索
  • 电子资源
  • 读者导购
  • 参考咨询
  • 我的图书馆
  • 登录
  • 详细信息显示
  • 放入我的书架
  • 预约/预借图书
  • 作者相关作品
  • 分类相关作品
  • 丛书相关作品
  • 出版社相关作品

书目信息

  • 表格格式
  • 工作单格式
  • 卡片格式
题名:
三维虚拟交互设计
    
 
作者: 张琪 著
分册:  
出版信息: 长春   吉林美术出版社  2018.3
页数: 166页
开本: 24cm
丛书名:
单 册:
中图分类: TP11
科图分类:
主题词: 人-机系统--ren - ji xi tong--系统设计
电子资源:
ISBN: 978-7-5575-3551-3
000 01008nam0 2200253 45
001 012001001547
005 20131108135045.0
010    @a978-7-5575-3551-3@dCNY43.00
099    @aCAL 012019030012
100    @a20190308d2019 em y0chiy50 ea
101 0  @achi
102    @aCN@b220000
105    @ay a 000yy
106    @ar
200 1  @a三维虚拟交互设计@Asan wei xu ni jiao hu she ji@f张琪著
210    @a长春@c吉林美术出版社@d2018.3
215    @a166页@d24cm
320    @a有书目 (第165-166页)
330    @a随着计算机技术及网络技术的发展, 三维虚拟环境日益成为人们研究的重点。本书从概念上和技术上分析了三维环境中虚拟现实技术与应用, 从虚拟显示技术内涵与发展现状入手, 综合虚拟现实技术的构成要素与产业发展历程、三维虚拟现实技术的核心技术与技术瓶颈、三维虚拟交互技术的设计设施与程序、虚拟交互设计技术的开发与利用等进行论述。
606 0  @a人-机系统@Aren - ji xi tong@x系统设计
690    @aTP11@v5
701  0 @a张琪@Azhang qi@4著
801  0 @aCN@b北京卓展@c20191020
905    @b1198528-31@dTP11@e201@f4
    
    三维虚拟交互设计/张琪著.-长春:吉林美术出版社,2018.3
    166页;24cm
    
    
    ISBN 978-7-5575-3551-3:CNY43.00
    随着计算机技术及网络技术的发展, 三维虚拟环境日益成为人们研究的重点。本书从概念上和技术上分析了三维环境中虚拟现实技术与应用, 从虚拟显示技术内涵与发展现状入手, 综合虚拟现实技术的构成要素与产业发展历程、三维虚拟现实技术的核心技术与技术瓶颈、三维虚拟交互技术的设计设施与程序、虚拟交互设计技术的开发与利用等进行论述。
●
相关链接 在E读中查询图书 在五车中查询图书 在当当中查询图书 在豆瓣中查询图书


正题名:三维虚拟交互设计     索取号:TP11/201         预约/预借

序号 登录号 条形码 馆藏地/架位号 状态 备注
1 1198528   211985280   第二样本阅览室/ [索取号:TP11/201] 在馆    
2 1198529   211985299   第三借阅区/ [索取号:TP11/201] 在馆    
3 1198530   211985306   第三借阅区/ [索取号:TP11/201] 在馆    
4 1198531   211985315   第三借阅区/ [索取号:TP11/201] 在馆    
唐山师范学院图书馆 欢迎您!
大连网信软件有限公司© 版权所有